5 villes les plus peuplées de chaque pays européen - Statistiques

Statistiques générales
  • Ce quiz a été pris 386 fois
    376 depuis la dernière actualisation
  • Le résultat moyen est 76 sur 210
Statistiques - réponses
Hint Réponse % Correct
France Paris
95%
Allemagne Berlin
94%
France Marseille
94%
France Lyon
93%
Royaume-Uni Londres
92%
Belgique Bruxelles
89%
Roumanie Bucarest
89%
Espagne Madrid
89%
Allemagne Munich
89%
Autriche Vienne
89%
Grèce Athènes
88%
Monténégro Bar
88%
Espagne Barcelone
88%
Luxembourg Luxembourg
88%
Russie Moscou
88%
Italie Rome
87%
Pays-Bas Amsterdam
86%
Finlande Helsinki
86%
Portugal Lisbonne
86%
Hongrie Budapest
85%
Irlande Dublin
85%
Ukraine Kiev
85%
Royaume-Uni Manchester
85%
République Tchèque Prague
85%
France Toulouse
85%
Italie Milan
84%
Norvège Oslo
84%
Portugal Porto
84%
Pologne Varsovie
84%
Danemark Copenhague
83%
France Nice
83%
Croatie Zagreb
83%
Andorre Andorre-la-Vieille
82%
Russie Saint-Pétersbourg
82%
Bulgarie Sofia
82%
Suisse Berne
81%
Albanie Tirana
81%
Suisse Genève
80%
Italie Naples
80%
Espagne Séville
80%
Allemagne Francfort-sur-le-Main
79%
Suède Stockholm
79%
Biélorussie Minsk
78%
Italie Turin
78%
Pays-Bas Rotterdam
77%
Estonie Tallinn
77%
Suisse Zurich
77%
Allemagne Hambourg
76%
Lettonie Riga
76%
Espagne Valence
76%
Serbie Belgrade
75%
Bosnie-Herzégovine Sarajevo
75%
Islande Reykjavik
74%
Lituanie Vilnius
74%
Royaume-Uni Birmingham
73%
Liechtenstein Vaduz
73%
Belgique Antwerpen
71%
Slovaquie Bratislava
69%
Pologne Cracovie
67%
Belgique Liège
67%
Slovénie Ljubljana
67%
Macédoine du Nord Skopje
65%
Royaume-Uni Glasgow
64%
Allemagne Cologne
63%
Moldavie Chisinau
62%
Royaume-Uni Édimbourg
62%
Suisse Lausanne
60%
Italie Palerme
59%
Autriche Salzbourg
59%
Monténégro Podgorica
58%
Kosovo Pristina
58%
Pays-Bas La Haye
57%
Suède Malmö
57%
Suisse Bâle
55%
Irlande Cork
55%
Grèce Thessalonique
55%
Croatie Split
52%
Belgique Charleroi
50%
Ukraine Odessa
47%
Belgique Gent
46%
Suède Göteborg
46%
Ukraine Donetsk
43%
Ukraine Kharkiv
42%
Norvège Bergen
40%
Portugal Braga
40%
Autriche Graz
38%
Espagne Saragosse
38%
Pays-Bas Utrecht
38%
Roumanie Cluj
36%
Pays-Bas Eindhoven
36%
République Tchèque Brno
34%
Autriche Innsbruck
34%
Russie Nijni Novgorod
32%
Pologne Łódź
31%
Autriche Linz
29%
Danemark Aarhus
27%
Lituanie Kaunas
27%
Russie Iekaterinbourg
26%
Pologne Poznań
26%
Pologne Wrocław
26%
Irlande Galway
25%
Finlande Tampere
22%
Norvège Trondheim
21%
Moldavie Tiraspol
20%
Danemark Aalborg
19%
Ukraine Dnipro
19%
Irlande Limerick
19%
Suède Uppsala
19%
Danemark Odense
18%
Bulgarie Varna
18%
Roumanie Constanța
17%
Slovénie Maribor
17%
Russie Novossibirsk
17%
Finlande Oulu
17%
Hongrie Debrecen
16%
Grèce Le Pirée
16%
Bulgarie Plovdiv
15%
Roumanie Timișoara
15%
Luxembourg Esch-sur-Alzette
14%
Bosnie-Herzégovine Mostar
14%
République Tchèque Ostrava
14%
Norvège Stavanger
14%
Slovaquie Košice
13%
Grèce Patras
13%
Croatie Rijeka
13%
Croatie Zadar
13%
Albanie Durrës
12%
Roumanie Iași
12%
Finlande Espoo
11%
Lituanie Klaipeda
10%
Kosovo Pec
10%
Estonie Tartu
10%
Bosnie-Herzégovine Banja Luka
9%
Lettonie Daugavpils
9%
Luxembourg Dudelange
9%
Liechtenstein Schaan
9%
Hongrie Pécs
8%
République Tchèque Pilsen
8%
République Tchèque Liberec
7%
Estonie Narva
7%
Hongrie Szeged
7%
Finlande Vantaa
7%
Irlande Waterford
7%
Slovaquie Žilina
7%
Bulgarie Bourgas
6%
Andorre Encamp
6%
Danemark Esbjerg
6%
Andorre Escaldes-Engordany
6%
Lettonie Liepāja
6%
Croatie Osijek
6%
Estonie Parnu
6%
Albanie Vlora
6%
Islande Akureyri
5%
Portugal Amadora
5%
Luxembourg Differdange
5%
Albanie Elbasan
5%
Biélorussie Homiel
5%
Grèce Larissa
5%
Hongrie Miskolc
5%
Suède Västerås
5%
Portugal Vila Nova de Gaia
5%
Biélorussie Vitebsk
5%
Malte Birkirkara
4%
Macédoine du Nord Bitola
4%
Slovénie Celje
4%
Liechtenstein Eschen
4%
Slovénie Koper
4%
Slovénie Kranj
4%
Andorre La Massana
4%
Slovaquie Nitra
4%
Slovaquie Prešov
4%
Kosovo Prizren
4%
Bulgarie Roussé
4%
Lituanie Šiauliai
4%
Liechtenstein Triesen
4%
Bosnie-Herzégovine Tuzla
4%
Moldavie Balti
3%
Liechtenstein Balzers
3%
Luxembourg Ettelbruck
3%
Biélorussie Hrodna
3%
Lettonie Jelgava
3%
Lettonie Jūrmala
3%
Monténégro Nikšić
3%
Lituanie Panevėžys
3%
Andorre Sant Julià de Loria
3%
Macédoine du Nord Tetovo
3%
Bosnie-Herzégovine Zenica
3%
Kosovo Ferizaj
2%
Estonie Kohtla-Järve
2%
Islande Kopavogur
2%
Macédoine du Nord Koumanovo
2%
Monténégro Pljevlja
2%
Macédoine du Nord Prilep
2%
Albanie Shkodra
2%
Monténégro Bijelo Polje
1%
Kosovo Gjakova
1%
Malte Il-Mosta
1%
Malte Iż-Żurrieq
1%
Biélorussie Mahiliow
1%
Moldavie Ribnita
1%
Norvège Sandvika
1%
Malte San Pawl il-Baħar
1%
Malte Tas-Sliema
1%
Moldavie Tighina
1%
Serbie Valjevo
1%
Serbie Vranje
1%
Serbie Zrenjanin
1%
Islande Hafnarfjörður
0%
Islande Mosfellsbær
0%
Serbie Zaječar
0%
Aucun quiz correspondant
Distribution des résultats
% des personnes avec chaque résultat
Percentile par nombre de réponses
Votre historique - résultats
Vous n’avez pas pris ce quiz depuis la dernière actualisation